|
|
|
|
| LEADER |
01183nam a2200253 a 4500 |
| 003 |
BD-DhAAL |
| 005 |
20230710131608.0 |
| 008 |
100415s1998 bg b 001 0 ben d |
| 020 |
|
|
|a 9840737333
|
| 040 |
|
|
|a BD-DhAAL
|c BD-DhAAL
|d BD-DhAAL
|
| 041 |
|
|
|a ben
|
| 082 |
0 |
0 |
|a 305.4/095492
|2 22
|
| 100 |
1 |
|
|a আলম, তাহমিনা.
|9 42260
|
| 245 |
1 |
0 |
|a বাংলার সাময়িকীপত্রে বাঙালী মুসলীম নারীসমাজ,১৯০০-১৯৪৭/
|c তাহমিনা আলম
|
| 260 |
|
|
|a ঢাকা :
|b বাংলা একাডেমী,
|c ১৯৯৮
|
| 300 |
|
|
|a ১৯২ পৃষ্ঠা ;
|c ২২ সে.মি.
|
| 504 |
|
|
|a গ্রন্থপঞ্জি ও নির্ঘন্ট অন্তভূক্ত
|
| 541 |
1 |
|
|e 00019999
|
| 650 |
0 |
0 |
|a Women
|z Bangladesh.
|
| 650 |
0 |
0 |
|a Women
|z Bangladesh
|x Social conditions.
|
| 852 |
4 |
|
|a Ayesha Abed Library
|j General shelf
|
| 942 |
|
|
|2 ddc
|c BK
|
| 999 |
|
|
|c 8498
|d 8498
|
| 952 |
|
|
|0 0
|1 0
|2 ddc
|4 0
|6 305_409549200000000_ALA
|7 0
|9 10021
|a BIGD
|b BIGD
|c GEN
|d 2023-07-10
|g 75.00
|l 0
|o 305.4095492 ALA
|p 3050019999
|r 2010-05-11
|t 1
|w 2010-05-11
|y BK
|x Transferred from BDI to BIGD.
|